A common room : essays, 1954-1987 /

Bibliographic Details
Main Author: Price, Reynolds, 1933-2011
Format: Book
Language:English
Published: New York : Atheneum, 1987.

MARC

Tag First Indicator Second Indicator Subfields
LEADER 00000cam a2200000 a 4500
001 in00000019446
005 20151007053622.0
008 870918s1987 nyu 00010 eng
010 |a  87027064  
020 |a 0689119488 
035 |a (OCoLC)16804394 
035 |9 AAB2256AM 
040 |a DLC  |c DLC  |d TXA  |d UtOrBLW 
049 |a TXAM  |c [A11466931] 
050 0 0 |a PS3566.R54  |b C66 1987 
082 0 |a 814/.54  |2 19 
100 1 |a Price, Reynolds,  |d 1933-2011. 
245 1 2 |a A common room :  |b essays, 1954-1987 /  |c Reynolds Price. 
264 1 |a New York :  |b Atheneum,  |c 1987. 
300 |a xvi, 405 pages ;  |c 24 cm. 
336 |a text  |b txt  |2 rdacontent 
337 |a unmediated  |b n  |2 rdamedia 
338 |a volume  |b nc  |2 rdacarrier 
999 |a MARS 
999 f f |s ed08c2cd-3b0c-36d8-b7fb-fd5ad146bb75  |i 6e38ec3e-16fc-375e-85a7-a17a9d4756bd  |t 0 
952 f f |p ric  |a Texas A&M University  |b Rellis Campus  |c Joint Library Facility  |d Remote Storage  |t 0  |e PS3566.R54 C66 1987  |h Library of Congress classification  |i unmediated -- volume  |m A14811466931 
998 f f |a PS3566.R54 C66 1987  |t 0  |l Remote Storage